Detalles MARC
| 000 -ENCABEZADO |
| Número de control [NR] |
01608nam a2200457Ia 4500 |
| 005 - FECHA Y HORA DE LA ÚLTIMA TRANSACCIÓN |
| control field |
20211105120344.0 |
| 008 - DE LONGITUD FIJA DE DATOS DE ELEMENTOS - INFORMACIÓN GENERAL |
| Elementos de longitud fija [NR] |
130821s1999 ck gr spa |
| 020 ## - NUMERO INTERNACIONAL NORMALIZADO PARA LIBROS [R] |
| Número Internacional Normalizado del libro [NR] |
9586760669 |
| 020 ## - NUMERO INTERNACIONAL NORMALIZADO PARA LIBROS [R] |
| Número Internacional Normalizado del libro [NR] |
9789586760669 |
| 040 ## - FUENTE DE CATALOGACION [NR] |
| Agencia de catalogación original [NR] |
Co-BoUCM |
| Idioma de catalogación [NR] |
spa |
| Quien Cataloga |
David Avila (modificó) |
| Quien Clasifica |
David Avila (modificó) |
| 041 00 - CODIGO DE IDIOMA [R] |
| Código de idioma para texto/pista de sonido o título separado [R] |
Español |
| 100 1# - ASIENTO PRINCIPAL--NOMBRE PERSONAL [NR] |
| Nombre personal [NR] |
Villamil Portilla, Edgardo |
| ID Autoridad |
77443 |
| 245 10 - MENCION DE TITULO [NR] |
| Título [NR] |
Teoría constitucional del proceso |
| Mención de responsabilidad, etc. [NR] |
Edgardo Villamil Portilla. |
| 260 ## - PUBLICACION, DISTRIBUCION, ETC. (PIE DE IMPRENTA) [R] |
| Lugar de publicación, distribución, etc. [R] |
Bogotá (Colombia) |
| Nombre del editor, distribuidor, etc. [R] |
Ediciones Doctrina y Ley |
| Fecha de publicación, distribución, etc. [R] |
1999 |
| 300 ## - DESCRIPCION FISICA [R] |
| Extensión [R] |
906 páginas |
| 500 ## - NOTA GENERAL [R] |
| Nota general [NR] |
Incluye índice general. |
| 630 ## - ASIENTO SECUNDARIO DE MATERIA - TITULO UNIFORME [R] |
| Título uniforme [NR] |
Ley 472 de 1998 |
| 9 (RLIN) |
6768 |
| 650 04 - ASIENTO SECUNDARIO DE MATERIA - TERMINO TEMATICO [R] |
| Término temático o nombre geográfico como elemento de entrada [NR] |
Acción de cumplimiento |
| 9 (RLIN) |
8341 |
| 650 04 - ASIENTO SECUNDARIO DE MATERIA - TERMINO TEMATICO [R] |
| Término temático o nombre geográfico como elemento de entrada [NR] |
Acciones populares |
| 9 (RLIN) |
8361 |
| 650 04 - ASIENTO SECUNDARIO DE MATERIA - TERMINO TEMATICO [R] |
| Término temático o nombre geográfico como elemento de entrada [NR] |
Administración de justicia |
| 9 (RLIN) |
8543 |
| 650 04 - ASIENTO SECUNDARIO DE MATERIA - TERMINO TEMATICO [R] |
| Término temático o nombre geográfico como elemento de entrada [NR] |
Cosa juzgada |
| 9 (RLIN) |
12039 |
| 650 04 - ASIENTO SECUNDARIO DE MATERIA - TERMINO TEMATICO [R] |
| Término temático o nombre geográfico como elemento de entrada [NR] |
Debido proceso |
| 9 (RLIN) |
12481 |
| 650 04 - ASIENTO SECUNDARIO DE MATERIA - TERMINO TEMATICO [R] |
| Término temático o nombre geográfico como elemento de entrada [NR] |
Derecho agrario |
| 9 (RLIN) |
12700 |
| 650 04 - ASIENTO SECUNDARIO DE MATERIA - TERMINO TEMATICO [R] |
| Término temático o nombre geográfico como elemento de entrada [NR] |
Derecho constitucional |
| 9 (RLIN) |
12725 |
| 650 04 - ASIENTO SECUNDARIO DE MATERIA - TERMINO TEMATICO [R] |
| Término temático o nombre geográfico como elemento de entrada [NR] |
Derecho procesal |
| 9 (RLIN) |
12822 |
| 650 04 - ASIENTO SECUNDARIO DE MATERIA - TERMINO TEMATICO [R] |
| Término temático o nombre geográfico como elemento de entrada [NR] |
Derecho procesal |
| Subdivisión geográfica [R] |
Colombia |
| 9 (RLIN) |
35563 |
| 650 04 - ASIENTO SECUNDARIO DE MATERIA - TERMINO TEMATICO [R] |
| Término temático o nombre geográfico como elemento de entrada [NR] |
Jurisdicción (Derecho constitucional) |
| 9 (RLIN) |
18165 |
| 650 04 - ASIENTO SECUNDARIO DE MATERIA - TERMINO TEMATICO [R] |
| Término temático o nombre geográfico como elemento de entrada [NR] |
Jurisdicción coactiva |
| 9 (RLIN) |
18168 |
| 650 04 - ASIENTO SECUNDARIO DE MATERIA - TERMINO TEMATICO [R] |
| Término temático o nombre geográfico como elemento de entrada [NR] |
Jurisdicción penal |
| 9 (RLIN) |
260 |
| 650 04 - ASIENTO SECUNDARIO DE MATERIA - TERMINO TEMATICO [R] |
| Término temático o nombre geográfico como elemento de entrada [NR] |
Jurisdicción |
| 9 (RLIN) |
18163 |
| 650 04 - ASIENTO SECUNDARIO DE MATERIA - TERMINO TEMATICO [R] |
| Término temático o nombre geográfico como elemento de entrada [NR] |
Medidas cautelares |
| 9 (RLIN) |
19223 |
| 650 04 - ASIENTO SECUNDARIO DE MATERIA - TERMINO TEMATICO [R] |
| Término temático o nombre geográfico como elemento de entrada [NR] |
Nulidad (Derecho) |
| 9 (RLIN) |
20601 |
| 650 04 - ASIENTO SECUNDARIO DE MATERIA - TERMINO TEMATICO [R] |
| Término temático o nombre geográfico como elemento de entrada [NR] |
Prueba (Derecho) |
| 9 (RLIN) |
22726 |
| 650 04 - ASIENTO SECUNDARIO DE MATERIA - TERMINO TEMATICO [R] |
| Término temático o nombre geográfico como elemento de entrada [NR] |
Tutela |
| 9 (RLIN) |
25941 |
| 651 #4 - ASIENTO SECUNDARIO DE MATERIA - NOMBRE GEOGRAFICO [R] |
| Nombre geográfico [NR] |
Colombia |
| 9 (RLIN) |
26889 |
| 651 #4 - ASIENTO SECUNDARIO DE MATERIA - NOMBRE GEOGRAFICO [R] |
| Nombre geográfico [NR] |
Colombia |
| Subdivisión general [R] |
Constitución |
| Subdivisión cronológica [R] |
1991 |
| 9 (RLIN) |
32768 |
| 651 #4 - ASIENTO SECUNDARIO DE MATERIA - NOMBRE GEOGRAFICO [R] |
| Nombre geográfico [NR] |
Colombia |
| Subdivisión general [R] |
Derecho constitucional |
| 9 (RLIN) |
30641 |
| 690 #0 - ASUNTO AGREGADO LOCAL DE ENTRADA - TÉRMINO TEMÁTICO (OCLC, RLIN) |
| Acceso temático local |
Derecho constitucional |
| 9 (RLIN) |
12725 |
| 942 ## - ELEMENTOS DE ENTRADA AGREGADOS (KOHA) |
| Tipo de ítem principal el descrito en 300a |
Libro |
| Tema principal |
Derecho |
| Edición |
1 |
| Clasificación |
347.05 |
| Parte restante de la signatura top. |
V715t |
| Sistema de clasificación |
DEWEY |